Regina (Beresford) v Sunderland City Council (Record no. 73819)

MARC details
000 -LEADER
fixed length control field 01875cam a2200277 4500
001 - CONTROL NUMBER
control field ABS67285
008 - FIXED-LENGTH DATA ELEMENTS--GENERAL INFORMATION
fixed length control field 031120n2003 000 0 eng u
035 ## - SYSTEM CONTROL NUMBER
System control number (Sirsi) u124393
245 ## - TITLE STATEMENT
Title Regina (Beresford) v Sunderland City Council
260 ## - PUBLICATION, DISTRIBUTION, ETC.
Date of publication, distribution, etc. 2003
490 ## - SERIES STATEMENT
Series statement Weekly Law Reports
Volume/sequential designation [2003] 3 WLR 1306-1333(28)
520 ## - SUMMARY, ETC.
Summary, etc. [2003] UKHL 60, 13 November 2003. Appellant Beresford (B) appealed against the CA decision ([2001] EWCA Civ 1218, Abs65765) to uphold the HC ruling (QBD, X113557) that Sunderland City Council was right to refuse to register a town/village green under the Commons Registration Act 1965 s22 (as amended by the Countryside and Rights of Way Act 2000 s98). HL considered: if the admitted use of land for indulgence in lawful sports or pastimes for more than 20 years is of right or "nec precario"; if an implied permission had been given by the landlord and if so was that fatal to the contention that the inhabitant's use was as of right; and if the fact that the land was public land held by a local authority throughout the period of use had any bearing as to whether the use was of right. "Held" appeal allowed due to the special circumstances of this case. View judgment at www.parliament.the-stationery-office.co.uk.
590 ## - LOCAL NOTE (RLIN)
Local note ABS
650 ## - SUBJECT ADDED ENTRY--TOPICAL TERM
Topical term or geographic name entry element R V OXFORDSHIRE CC AND ANOTHER EX P SUNNINGWELL PARISH COUNCIL
650 ## - SUBJECT ADDED ENTRY--TOPICAL TERM
Topical term or geographic name entry element R V SUNDERLAND CITY COUNCIL EX P BERESFORD
650 ## - SUBJECT ADDED ENTRY--TOPICAL TERM
Topical term or geographic name entry element COMMONS
650 ## - SUBJECT ADDED ENTRY--TOPICAL TERM
Topical term or geographic name entry element TOWN GREENS
650 ## - SUBJECT ADDED ENTRY--TOPICAL TERM
Topical term or geographic name entry element VILLAGE GREENS
650 ## - SUBJECT ADDED ENTRY--TOPICAL TERM
Topical term or geographic name entry element COMMONS REGISTRATION ACT 1965 S22
650 ## - SUBJECT ADDED ENTRY--TOPICAL TERM
Topical term or geographic name entry element COUNTRYSIDE AND RIGHTS OF WAY ACT 2000 S98
650 ## - SUBJECT ADDED ENTRY--TOPICAL TERM
Topical term or geographic name entry element OPEN SPACES
650 ## - SUBJECT ADDED ENTRY--TOPICAL TERM
Topical term or geographic name entry element RECREATION GROUNDS
690 ## - LOCAL SUBJECT ADDED ENTRY--TOPICAL TERM (OCLC, RLIN)
Topical term or geographic name as entry element PROPERTY AND LAND LAW-CASE LAW
856 ## - ELECTRONIC LOCATION AND ACCESS
Uniform Resource Identifier <a href="https://www.parliament.the-stationery-office.co.uk/pa/ld200203/ldjudgmt/jd031113/beres-1.htm">https://www.parliament.the-stationery-office.co.uk/pa/ld200203/ldjudgmt/jd031113/beres-1.htm</a>
Public note View judgment on the UK Parliament website...
942 ## - ADDED ENTRY ELEMENTS (KOHA)
Suppress in OPAC 0
Holdings
Withdrawn status Lost status Source of classification or shelving scheme Damaged status Not for loan Home library Current library Shelving location Date acquired Total Checkouts Full call number Barcode Date last seen Copy number Price effective from Koha item type
    Dewey Decimal Classification     London London Journal article 20/11/2003   ABS67285 124393-1001 06/08/2019 1 06/08/2019 Law report